书目信息 |
| 题名: |
科学之战
|
|
| 作者: | 刘胜俊 著 | |
| 分册: | ||
| 出版信息: | 北京 中国青年出版社 1987 |
|
| 页数: | 202页 | |
| 开本: | 19cm | |
| 丛书名: | 科学与社会丛书 | |
| 单 册: | ||
| 中图分类: | E0-05 , G3 | |
| 科图分类: | ||
| 主题词: | 军事科学--研究 , 军事-关系-科学技术 , 科学技术-关系-军事 , 科学研究 | |
| 电子资源: | ||
| ISBN: | 7-5006-0062-3 | |
| 000 | 00782nam2 2200301 45 | |
| 001 | 0187000614 | |
| 005 | 20040430101402.5 | |
| 010 | @a7-5006-0062-3@dCNY1.35 | |
| 100 | @a19900830d1987 em y0chiy0121 ea | |
| 101 | 0 | @achi |
| 102 | @aCN@b110000 | |
| 105 | @ay z 000yy | |
| 106 | @ar | |
| 200 | 10 | @a科学之战@Ake xue zhi zhan@f刘胜俊著 |
| 210 | @a北京@c中国青年出版社@d1987 | |
| 215 | @a202页@d19cm | |
| 225 | 2 | @a科学与社会丛书 |
| 410 | 0 | @120010@a科学与社会丛书 |
| 606 | @a军事科学@x研究 | |
| 606 | @a军事-关系-科学技术 | |
| 606 | @a科学技术-关系-军事 | |
| 606 | 0 | @a科学研究 |
| 690 | @aE0-05@v3 | |
| 690 | @aG3 | |
| 701 | 0 | @a刘胜俊@Aliu sheng jun@4著 |
| 801 | 0 | @aCN@b深圳图书馆@c20040430 |
| 801 | 2 | @aCN@bNLC@c20040430 |
| 905 | @f2@b238181-182@dG3@e75 | |
| 科学之战/刘胜俊著.-北京:中国青年出版社,1987 |
| 202页;19cm.-(科学与社会丛书) |
| ISBN 7-5006-0062-3:CNY1.35 |
| ● |
| 相关链接 |
|
|
|
|
正题名:科学之战
索取号:G3/75
 
预约/预借
| 序号 | 登录号 | 条形码 | 馆藏地/架位号 | 状态 | 备注 |
| 1 | 0238181 | 000986712 | 密集书库/ [索取号:G3/75] | 在馆 | |
| 2 | 0238182 | 000986721 | 密集书库/ [索取号:G3/75] | 在馆 | |
| 3 | 0238183 | 000986650 | 第一样本阅览室/ [索取号:G3/75] | 在馆 |